000 00943nam0a22002411 4500
001 rc\822916
005 20041129091543.0
035 _a(NLR Aleph) 006005521
090 _a7273683
_c7273683
100 _a20041129d1984 u |0rusy50 ca
101 0 _arus
102 _aRU
105 _ay |||||||||
200 1 _aЗемля за горизонтом
_e[Очерк о втором помощнике кап. рыбоморозил. траулера "Комсомолец Севастополя" произв. об-ния рыб. пром-сти "Атлантика" А. Цареве]
210 _aСимферополь
_cТаврия
_d1984
215 _a37 с.
_d16
600 1 _aЦарев
_bА.Б.
_gАлександр Борисович
_2psbo
700 1 _aБушняк
_bВ. С.
_f1952-
_gВладимир Степанович
801 0 _aRU
_bNLR
_gpsbo
801 1 _aRU
_bELAR
_2rusmarc
852 _aNLR
_j85-2/1314
942 _cBOOK
980 _aNB